Seznam statistických ročenek

Salvato in:
Dettagli Bibliografici
Natura: Libro
Lingua:ceco
Pubblicazione: Praha Výzkumný ústav pro zahraniční obchod 1981
Edizione:5. dopl. vyd.
Serie:Publikace ODIS č. 56
Tags: Aggiungi Tag
Nessun Tag, puoi essere il primo ad aggiungerne!!

MARC

LEADER 00000nam a2200000 4500
001 c127153
005 20250702073101.7
041 0 |a cze 
044 |a CZ 
245 1 0 |a Seznam statistických ročenek  |c K. Krečmer 
250 |a 5. dopl. vyd. 
264 1 |a Praha  |b Výzkumný ústav pro zahraniční obchod  |c 1981 
300 |a 25 s. 
490 1 |a Publikace ODIS  |v č. 56 
830 0 |a Publikace ODIS  |v č. 56